UNINFOS '98 (Univerzitné informačné systémy) medzinárodná konferencia, Nitra 15.-17.4.1998

Saved in:
Bibliographic Details
Corporate Author: UNINFOS '98. Medzinárodná konferencia
Format: Book
Language:Slovak
English
Published: Nitra Slovenská poľnohospodárska univerzita v Nitre 1998
Subjects:
Tags: Add Tag
No Tags, Be the first to tag this record!

MARC

LEADER 00000nam$a2200000$$$4500
001 0092317
005 20240104091627.4
020 |a 80-7137-475-X 
041 0 |a slo 
041 0 |a eng 
044 |a SK 
245 1 0 |a UNINFOS '98 (Univerzitné informačné systémy)  |b medzinárodná konferencia, Nitra 15.-17.4.1998 
264 1 |a Nitra  |b Slovenská poľnohospodárska univerzita v Nitre  |c 1998 
300 |a 150 s. 
610 2 0 |a systémy informačné 
610 2 0 |a technológie informačné 
610 2 0 |a školy vysoké 
610 2 0 |a informatizácia 
610 2 0 |a internet 
610 2 0 |a knižnice 
110 2 |a UNINFOS '98. Medzinárodná konferencia